Detektiv Conan Charaktere - Statistiken

Allgemein
  • Dieses Quiz wurde 218 mal gespielt
  • Das Durchschnittsergebnis liegt bei 19 aus 46
Antwortstatistiken
Antwort % Korrekt
Ran Mori
95%
Kogoro Mori
92%
Gin
85%
Conan Edogawa
83%
Shinichi Kudo
81%
Genta
75%
Professor Agasa
73%
Vodka
73%
Ai Haibara
72%
Ayumi
65%
Heiji Hattori
63%
Yusaku Kudo
61%
Wataru Takagi
59%
Megure
58%
Yukiko Kudo
57%
Miwako Sato
55%
Kaito Kid
54%
Mitsuhiko
51%
Sonoko Suzuki
48%
Vermouth
46%
Bourbon
38%
Kazuha
36%
Eri Kisaki
35%
Shuichi Akai
35%
Heizo Hattori
33%
Ninzaburo Shiratori
32%
Korn
30%
Kir
29%
Sherry
26%
Chianti
22%
Andre Camel
21%
Inspektor Chiba
21%
James Black
21%
Pisco
21%
Tequila
16%
Akemi Miyano
13%
Yoko Okino
13%
Jugo Yokomizo
12%
Makoto
12%
Nakamori
12%
Sango Yokomizo
12%
Calvados
11%
Jodie Saint-Emillion
8%
Doktor Araide
7%
Yumi Miyamoto
7%
Anokata (Boss)
6%
Keine übereinstimmenden Quizze gefunden
Verteilung der Resultate
Anzahl Personen mit jedem Resultat
Perzentil nach korrekt beantworteten Fragen
Ihre Resultats-Entwicklung
Sie haben dieses Quiz noch nicht gespielt